Sports Quiz

Random Sports or NBA Quiz

Big 4 Teams Named After Birds Quiz Stats

 Plays Quiz Updated Aug 3, 2014

Support Sporcle.
Go Orange.
Score 0/12 Timer 02:00
0 Plays Today
Teams % Correct
Arizona Cardinals
91.6%
St. Louis Cardinals
91.5%
Philadelphia Eagles
85.1%
Atlanta Hawks
81.9%
Atlanta Falcons
81.8%
Seattle Seahawks
80.7%
Toronto Blue Jays
79.5%
Baltimore Orioles
72.9%
Baltimore Ravens
72.5%
New Orleans Pelicans
61.9%
Anaheim Ducks
49.9%
Pittsburgh Penguins
49.8%

From the Vault

Checkboxes: Historical Figures

by Chenchilla

History 6m
We'll check you later, we've got some quizzes to play.
Remove Ads.
Support Sporcle.
Get the best of Sporcle when you Go Orange. This ad-free experience offers more features, more stats, and more fun while also helping to support Sporcle. Thank you for becoming a member.

Show Comments

Extras

Top Quizzes Today


Score Distribution

Your Account Isn't Verified!

In order to create a playlist on Sporcle, you need to verify the email address you used during registration. Go to your Sporcle Settings to finish the process.

Report this User

Report this user for behavior that violates our Community Guidelines.

Details: